The soul winner: (Record no. 11000)

000 -LEADER
fixed length control field 00648nam a2200193 a 4500
001 - CONTROL NUMBER
control field :::00008793$&:&@@
003 - CONTROL NUMBER IDENTIFIER
control field OkBaRHE
005 - DATE AND TIME OF LATEST TRANSACTION
control field 20000607103346.0
008 - FIXED-LENGTH DATA ELEMENTS--GENERAL INFORMATION
fixed length control field s1978 j 000 0 eng u
040 ## - CATALOGING SOURCE
Transcribing agency
100 1# - MAIN ENTRY--PERSONAL NAME
Personal name Spurgeon, C. H.
245 14 - TITLE STATEMENT
Title The soul winner:
Remainder of title or how to lead sinners to the saviour.
260 ## - PUBLICATION, DISTRIBUTION, ETC. (IMPRINT)
Place of publication, distribution, etc Pasadena, TX., :
Name of publisher, distributor, etc Pilgrim Publications
Date of publication, distribution, etc 1978
300 ## - PHYSICAL DESCRIPTION
Extent 215 p.
650 ## - SUBJECT ADDED ENTRY--TOPICAL TERM
Topical term or geographic name as entry element Evangelism
942 ## - ADDED ENTRY ELEMENTS (KOHA)
Source of classification or shelving scheme
Koha item type Books
Copies
Koha item type Source of classification or shelving scheme Date acquired Barcode Date last seen Full call number Shelving location Permanent Location Not for loan Withdrawn status Lost status Copy number Price effective from Damaged status
Books 2010-04-1487932010-04-14BV 3795 .S6General StacksRHEMA Bible Training College   12010-04-14 
Books 2010-04-14165792010-04-14BV 3795 .S6General StacksRHEMA Bible Training College   22010-04-14